Binärcode - Statistiken

Allgemein
  • Dieses Quiz wurde 77 mal gespielt
  • Das Durchschnittsergebnis liegt bei 5 aus 11
Antwortstatistiken
Hint Antwort % Korrekt
01000101 69
85%
00010101 21
68%
0010000 32
62%
11111111 255
60%
10001001 137
47%
01010101 85
47%
01001001 73
40%
0101000 80
40%
11001100 204
28%
10111011 187
25%
01000101 133
18%
Keine übereinstimmenden Quizze gefunden
Verteilung der Resultate
Anzahl Personen mit jedem Resultat
Perzentil nach korrekt beantworteten Fragen
Ihre Resultats-Entwicklung
Sie haben dieses Quiz noch nicht gespielt